Statistics for Guess Dutch words

Click here to take the quiz!

General Stats

  • This quiz has been taken 546 times
  • The average score is 6 of 7

Answer Stats

DutchEnglish% Correct
BoekBook
100%
KatCat
100%
HondDog
100%
BloemFlower
100%
LaptopLaptop
100%
MuziekMusic
100%
NintendoNintendo
100%
PapierPaper
100%
PlantPlant
100%
ZwedenSweden
100%
WaterWater
100%
HaarHair/her
93%
ZeventienSeventeen
93%
MeerMore/Lake
92%
Dank je welThank you
92%
GodGod
91%
GroenGreen
90%
ToiletToilet
90%
ZeeSea
89%
KameelCamel
88%
MuisMouse
88%
StokStick
88%
DrieThree
88%
TafelTable
86%
MuurWall
86%
KasteelCastle
83%
ZandSand
83%
VloerFloor
82%
EilandIsland
82%
Verenigde StatenUnited States
82%
BekerCup
81%
StoelChair
80%
DeurDoor
80%
ZwembadSwimming pool
80%
VisFish
75%
IkI
75%
KastCloset/Cupboard
73%
DriehoekTriangle
73%
RolstoelWheelchair
73%
WinkelShop
71%
BoerFarmer/Burp
70%
KamerRoom
63%
OnzeOur
60%
RegenboogRainbow
60%
BoomTree
60%
ZeepSoap
56%
RaamWindow
50%
KrekelCricket
45%
TekeningDrawing
40%
VierkantSquare
36%
KachelStove/Heater/Oven
36%
Graag gedaanNo problem
25%
SlootDitch
24%

Score Distribution

Percentile by Number Answered

Percent of People with Each Score

Your Score History

You have not taken this quiz